| 000 | 00582nam a2200181Ia 4500 | ||
|---|---|---|---|
| 001 | 5545 | ||
| 003 | GE_BSU | ||
| 008 | 181216s||||||||xx |||||||||||||| ||und|| | ||
| 040 | _cGE_BSU | ||
| 100 | _aКаплун, В.И.; Шувалова, Э.З. | ||
| 245 | _aГеометрия: Учеб, пособие для подготовительных вузов | ||
| 245 | _cРед. А.м.Суходский | ||
| 260 | _c1980. | ||
| 300 | _a256 с | ||
| 653 | _aГеометрия | ||
| 653 | _aУчеб, пособие для подготовительных вузо | ||
| 942 | _cBK | ||
| 999 |
_c39031 _d39031 |
||